000
00249nam a2200097Ia 4500
001
756066
005
20250826164811.0
008
250824s9999 xx 000 0 und d
245
0
_a
ÜÇ SİLAHŞÖRLER
_c
ALEXANDRE DUMAS
260
_b
LACİVERT YAYINCILIK
999
_c
756066
_d
756066